[Event "Heusenstamm Sparkassen op-B 3rd"]
[Site "Heusenstamm"]
[Date "2016.11.27"]
[Round "3"]
[White "Basovskiy, Jana"]
[Black "Gruber, Marcel"]
[Result "0-1"]
[WhiteElo "1571"]
[BlackElo "1431"]
[PlyCount "80"]
[EventDate "2016.11.27"]
[EventType "swiss"]
[EventRounds "7"]
[EventCountry "GER"]
[SourceTitle "EXT 2018"]
[Source "ChessBase"]
[SourceDate "2017.10.13"]
[SourceVersion "1"]
[SourceVersionDate "2017.10.13"]
[SourceQuality "1"]

1. e4 c5 2. Nf3 Nc6 3. g3 g6 4. Bg2 Bg7 5. 0-0 d6 6. c3 Nf6 7. Re1 0-0 8. d3 Bd7 9. Nbd2 Ng4 10. h4 h5 11. Nf1 Qc8 12. Bf4 Nge5 13. Ne3 Nxf3+ 14. Bxf3 e5 15. Bg5 f6 16. Bxf6 Bxf6 17. Qe2 Be6 18. a4 Qd7 19. Red1 Qf7 20. Bg2 Rad8 21. Rd2 Ne7 22. Rad1 d5 23. exd5 Nxd5 24. Nc4 Rfe8 25. Qe1 Nb6 26. Nxb6 axb6 27. c4 Rd4 28. Qe2 Red8 29. Be4 Kg7 30. b3 Qd7 31. Re1 Bf5 32. Bd5 Re8 33. Red1 Rxd5 34. cxd5 Qxd5 35. Rb1 Rd8 36. Qe3 e4 37. Rdd1 exd3 38. b4 c4 39. Qxb6 c3 40. Rbc1 Bh3 0-1

[Event "Heusenstamm Sparkassen op-B 3rd"]
[Site "Heusenstamm"]
[Date "2016.11.27"]
[Round "5"]
[White "Werner, Tom"]
[Black "Gruber, Marcel"]
[Result "1/2-1/2"]
[WhiteElo "1667"]
[BlackElo "1431"]
[PlyCount "81"]
[EventDate "2016.11.27"]
[EventType "swiss"]
[EventRounds "7"]
[EventCountry "GER"]
[SourceTitle "EXT 2018"]
[Source "ChessBase"]
[SourceDate "2017.10.13"]
[SourceVersion "1"]
[SourceVersionDate "2017.10.13"]
[SourceQuality "1"]

1. e4 c5 2. Nf3 Nc6 3. d4 cxd4 4. Nxd4 e5 5. Nf3 d6 6. Nc3 Nf6 7. Be2 Be7 8. 0-0 h6 9. h3 0-0 10. Be3 Be6 11. Qd2 d5 12. exd5 Nxd5 13. Nxd5 Qxd5 14. Qxd5 Bxd5 15. Rfd1 Be6 16. Bb5 Nb4 17. Nxe5 Nxc2 18. Rac1 Nxe3 19. fxe3 Bg5 20. Re1 Rac8 21. Nd3 Rxc1 22. Nxc1 Rc8 23. Kh2 Bxe3 24. Rxe3 Rxc1 25. a3 Rc2 26. b4 a6 27. Ba4 Rd2 28. Bb3 Bxb3 29. Rxb3 b5 30. a4 bxa4 31. Ra3 Rd4 32. Rxa4 a5 33. Rxa5 Rxb4 34. Ra8+ Kh7 35. Ra7 Rf4 36. Kg3 g5 37. Kh2 Kg6 38. g3 Rf6 39. Ra8 Re6 40. g4 Re7 41. Kg2 1/2-1/2